Statistics for Top 10 Least-Forested U.S. States

Click here to take the quiz!

General Stats

  • This quiz has been taken 31,775 times
  • The average score is 6 of 10

Answer Stats

%State% Correct
25.6Arizona
88%
15.9Nevada
78%
4.78Kansas
74%
3.20Nebraska
69%
1.72North Dakota
65%
3.93South Dakota
65%
8.43Iowa
63%
18.2Wyoming
56%
13.6Illinois
47%
21.1Indiana
42%

Score Distribution

Percentile by Number Answered

Percent of People with Each Score

Your Score History

You have not taken this quiz